La democracia interna de los partidos latinoamericanos /
El artículo aborda el tema de la democracia interna en los partidos políticos de América Latina. Se examina cómo funcionan los procesos de toma de decisiones y la participación de los miembros dentro de estas organizaciones. Se analiza cómo los partidos implementan mecanismos de democracia interna y...
Na minha lista:
| Autor principal: | |
|---|---|
| Outros Autores: | |
| Formato: | Livro |
| Idioma: | Spanish |
| Assuntos: | |
| Tags: |
Adicionar Tag
Sem tags, seja o primeiro a adicionar uma tag!
|
MARC
| LEADER | 00000nam a22000007a 4500 | ||
|---|---|---|---|
| 003 | cru CIDCACS/IIS | ||
| 005 | 20230902155426.0 | ||
| 007 | ta | ||
| 008 | 180830s2018 mx |||p|r|||| 00| ||spa|d | ||
| 040 | |c cru CIDCACS/IIS | ||
| 100 | 1 | |9 7573 |a Martínez-Hernández, Aldo Adrián | |
| 245 | 1 | 3 | |a La democracia interna de los partidos latinoamericanos / |c Aldo Adrián Martínez-Hernández, Francisco Olucha Sánchez |
| 300 | |a páginas 7-36: |b tablas, gráficos | ||
| 520 | |a El artículo aborda el tema de la democracia interna en los partidos políticos de América Latina. Se examina cómo funcionan los procesos de toma de decisiones y la participación de los miembros dentro de estas organizaciones. Se analiza cómo los partidos implementan mecanismos de democracia interna y se exploran sus limitaciones y desafíos. El estudio se basa en un enfoque comparativo y se evalúan casos de diferentes países de la región. Se destacan las tensiones entre la necesidad de mantener la cohesión interna y la demanda de una mayor apertura y participación. RAR 10/2022 | ||
| 650 | 4 | |2 OCDE |9 3207 |a PARTICIPACION POLITICA | |
| 650 | 0 | |2 OCDE |9 1538 |a TOMA DE DECISIONES | |
| 650 | 0 | |2 OCDE |9 83 |a DEMOCRACIA | |
| 650 | 0 | |2 OCDE |9 413 |a PARTIDOS POLITICOS | |
| 651 | 0 | |2 OCDE |9 17 |a AMERICA LATINA | |
| 700 | 1 | |9 7576 |a Olucha Sánchez, Francisco | |
| 773 | 0 | |0 19269 |9 2209 |a FLACSO, México |d México: FLACSO |o 18762 |t Perfiles Latinoamericanos / |x 01887653 | |
| 942 | |2 ddc |c PP | ||
| 999 | |c 41622 |d 41622 | ||
